Statistiques concernant Personnages Clan Sarutobi ( Naruto / Boruto )

Cliquez ici pour prendre le quiz!

Statistiques générales

  • Ce quiz a été pris 39 fois
  • Le résultat moyen est 4 sur 5

Statistiques - réponses

Réponse% Correct
Konohamaru
100%
Asuma
91%
Hiruzen
91%
Mirai
82%
Biwako
12%

Distribution des résultats

Percentile par nombre de réponses

% des personnes avec chaque résultat

Votre développement - résultats

Vous n’avez pas pris ce quiz